000 00553 a2200181 4500
999 _c2927
_d2927
020 _a9781853289705
050 _aKD3009 BAR 2004
100 _aBanertt, Daniel
_eauthor
245 _aEmployment law handbook /
_cDanie Barnett and Henry Scrope
250 _a2nd ed.
264 _aLondon :
_bLaw Society,
_c2004
300 _alxiv, 488p. :
500 _aIncludes bibliographical references and index
650 _aCategories of worker
650 _aContracts of employment
700 _aScrope, Henry
_eauthor
942 _2lcc
_cBK
_e2nd ed.
_h3009
_iBAR
_kKD